| 000 | 00629nam a2200193 4500 | ||
|---|---|---|---|
| 001 | 230 | ||
| 005 | 20181127160925.0 | ||
| 008 | 050310s2004 ii a 001 0 eng d | ||
| 020 | _a0195668049 | ||
| 092 | _a808.066 R1414t | ||
| 100 | 1 | _aRaman, Meenakshi. | |
| 245 | 1 | 0 |
_aTechnical communication : _bprinciples and practice / _cMeenakshi Raman, Sangeeta Sharma. |
| 260 |
_aNew Delhi ; _aNew York : _bOxford University Press, _c2004. |
||
| 300 |
_aviii, 599 p. : _bill. ; _c24 cm. |
||
| 500 | _aIncludes index. | ||
| 650 | 0 | _aCommunication of technical information. | |
| 650 | 0 | _aTechnical writing. | |
| 700 | 1 |
_aSharma, Sangeeta, _cPh.D. |
|
| 999 |
_c209 _d209 |
||